Fundamentals of statistical signal processing: Detection theory Vol 2 (Record no. 11268)
[ view plain ]
| 000 -LEADER | |
|---|---|
| fixed length control field | 00453 a2200157 4500 |
| 020 ## - INTERNATIONAL STANDARD BOOK NUMBER | |
| International Standard Book Number | 9788131729007 |
| 040 ## - CATALOGING SOURCE | |
| Original cataloging agency | DLC |
| 082 ## - DEWEY DECIMAL CLASSIFICATION NUMBER | |
| Classification number | 621.3822 |
| 100 ## - MAIN ENTRY--PERSONAL NAME | |
| Personal name | Kay, Steven M |
| 245 ## - TITLE STATEMENT | |
| Title | Fundamentals of statistical signal processing: Detection theory Vol 2 |
| Statement of responsibility, etc. | Steven M.Kay |
| 260 ## - PUBLICATION, DISTRIBUTION, ETC. | |
| Place of publication, distribution, etc. | New Delhi |
| Name of publisher, distributor, etc. | Pearson education |
| Date of publication, distribution, etc. | 1998 |
| 300 ## - PHYSICAL DESCRIPTION | |
| Extent | 560 p. |
| 650 ## - SUBJECT ADDED ENTRY--TOPICAL TERM | |
| Topical term or geographic name entry element | Signal detection--Statistical methods |
| 700 ## - ADDED ENTRY--PERSONAL NAME | |
| Personal name | Steven M.Kay |
| 942 ## - ADDED ENTRY ELEMENTS (KOHA) | |
| Koha item type | Book |
| Call number prefix | 621.3822 KAY |
| Source of classification or shelving scheme | |
| Withdrawn status | Lost status | Damaged status | Not for loan | Collection code | Permanent Location | Current Location | Shelving location | Date acquired | Source of acquisition | Cost, normal purchase price | Total Checkouts | Total Renewals | Full call number | Barcode | Date last seen | Date last checked out | Price effective from | Koha item type |
|---|---|---|---|---|---|---|---|---|---|---|---|---|---|---|---|---|---|---|
| Central Library (CL) | Central Library (CL) | General Stacks | 09/18/2012 | Allied Book Company | 540.00 | 3 | 1 | 621.3822 KAY | SEECS011571 | 09/28/2021 | 07/16/2019 | 01/05/2017 | Book | |||||
| Central Library (CL) | Central Library (CL) | General Stacks | 12/13/2012 | Allied Book Company | 540.00 | 3 | 621.3822 KAY | SEECS011723 | 11/10/2020 | 09/01/2016 | 01/05/2017 | Book | ||||||
| Central Library (CL) | Central Library (CL) | General Stacks | 12/13/2012 | Allied Book Company | 540.00 | 2 | 1 | 621.3822 KAY | SEECS011724 | 08/23/2014 | 06/14/2014 | 01/05/2017 | Book | |||||
| Central Library (CL) | Central Library (CL) | General Stacks | 12/13/2012 | Allied Book Company | 540.00 | 2 | 621.3822 KAY | SEECS011729 | 01/23/2020 | 12/10/2019 | 12/18/2012 | Book |
